Unit IX Root Word Meanings Quiz Stats

Quiz not verified by Sporcle

Challenge
Share
Tweet
Embed
Score 0/27 Timer 03:00
0 Plays Today
% Correct
good deed
83.1%
the rest
81.7%
friendship
77.5%
conversation
69%
boldness
69%
silent
67.6%
crime
64.8%
weep
63.4%
taste
62%
reverent
54.9%
punishment
54.9%
do, drive
54.9%
hurl
50.7%
decide
50.7%
% Correct
begin
47.9%
weave
47.9%
send away
47.9%
abandon
46.5%
challenge
46.5%
true
46.5%
nothing
45.1%
eager
45.1%
kind
45.1%
take back
43.7%
hold
40.8%
do
40.8%
rash
39.4%

You're not logged in!

Compare scores with friends on all Sporcle quizzes.
Join for Free
OR
Log In

You Might Also Like...

Show Comments

Extras

Created Mar 2, 2016ReportNominate
Tags:Clickable Quiz, root, unit

Top Quizzes Today


Score Distribution

Your Account Isn't Verified!

In order to create a playlist on Sporcle, you need to verify the email address you used during registration. Go to your Sporcle Settings to finish the process.

Report this User

Report this user for behavior that violates our Community Guidelines.

Details: